000 00440cam a22001217a 4500
008 180718b1960 xxu||||| |||| 00| 0 eng d
082 _aK71x42/IN2
100 _aIndian Institute Of Public Administrations
245 _aStaff Councils And Associations
_cIndian Institute Of Public Administrations
260 _aNew Delhi
_bIndian Institute Of Public Administrations
_c1960
300 _a51p.
650 _aRepresentation-National Councils- India
999 _c417691
_d417691